000 00305nam a22001097a 4500
008 170105b xxu||||| |||| 00| 0 eng d
020 _a9780721691411
041 _aeng
080 _22ND
_a618.2
245 _aFUNDAMENTALS OF NURSING Caring and Clinical Judgement
_cHARKREADER, H & HOGAN, M.A
942 _2udc
_cBK
999 _c2548
_d2548